| 000 | 00522nam a2200169 i 4500 | ||
|---|---|---|---|
| 001 | 159448 | ||
| 003 | ES-MaACL | ||
| 005 | 20230906211618.0 | ||
| 008 | 990309s1892 sp |||| | spa d | ||
| 040 |
_aCCPB | B _bspa _cCCPB | B |
||
| 080 | _a821.134.2(866)-14"18" | ||
| 100 | 1 |
_aMera, Juan León. _980401 |
|
| 245 | 1 | 0 |
_aPoesías / _cde Juan León Mera. |
| 260 |
_aBarcelona : _b[s.n.], _c1892 ( _fEstablecimiento Tipográfico Arte y Letras) |
||
| 300 |
_a444 p. ; _c21 cm. |
||
| 852 |
_aES-MaACL _jB-739 _z-- Enc. tela |
||
| 999 |
_c159448 _d159448 |
||